书目信息 |
| 题名: |
电子线路快速识图
|
|
| 作者: | 胡斌 编著 | |
| 分册: | ||
| 出版信息: | 福州 福建科学技术出版社 2005.10 |
|
| 页数: | 227页 | |
| 开本: | 26cm | |
| 丛书名: | ||
| 单 册: | ||
| 中图分类: | TN702 | |
| 科图分类: | ||
| 主题词: | 电子电路--dian zi dian lu--识图法 | |
| 电子资源: | ||
| ISBN: | 7-5335-2651-1 | |
| 000 | 00728nam0 2200217 450 | |
| 001 | 012006796666 | |
| 005 | 20060905163651.40 | |
| 010 | @a7-5335-2651-1@dCNY24.00 | |
| 100 | @a20060611d2005 km y0chiy0120 ea | |
| 101 | 0 | @achi |
| 102 | @aCN@b350000 | |
| 105 | @aa z 000yy | |
| 200 | 1 | @a电子线路快速识图@Adian zi xian lu kuai su shi tu@f胡斌编著@Fhu bin bian zhu |
| 210 | @a福州@c福建科学技术出版社@d2005.10 | |
| 215 | @a227页@c图@d26cm | |
| 330 | @a本书内容包括:电子线路图种类及电路分析方法、电子元器件特性及识图信息、放大器电路识图、实用电子电路集锦等。 | |
| 606 | 0 | @a电子电路@Adian zi dian lu@x识图法 |
| 690 | @aTN702@v4 | |
| 701 | 0 | @a胡斌@Ahu bin@4编著 |
| 801 | 0 | @aCN@bQSSK@c20060905 |
| 905 | @a10447@dTN702@eH455 | |
| 电子线路快速识图/胡斌编著.-福州:福建科学技术出版社,2005.10 |
| 227页:图;26cm |
| ISBN 7-5335-2651-1:CNY24.00 |
| 本书内容包括:电子线路图种类及电路分析方法、电子元器件特性及识图信息、放大器电路识图、实用电子电路集锦等。 |
| ● |
| 相关链接 |
|
|
|
正题名:电子线路快速识图
索取号:TN702/H455
 
预约/预借
| 序号 | 登录号 | 条形码 | 馆藏地/架位号 | 状态 | 备注 |
| 1 | 585592 | 205855920 | 自科库301/404自科库 15排2列3层/ [索取号:TN702/H455] | 在馆 | |
| 2 | 585593 | 205855939 | 自科库301/301自科库 29排1列5层/ [索取号:TN702/H455] | 在馆 | |
| 3 | 585594 | 205855948 | 自科库301/301自科库 29排1列5层/ [索取号:TN702/H455] | 在馆 |